<El> dominó de cada día
Gespeichert in:
| Format: | Buch |
|---|---|
| Sprache: | Spanisch |
| Veröffentlicht: |
Recanati
ELI
1999
|
| Schriftenreihe: | Jugamos en español
|
| Schlagworte: | |
| Tags: |
Keine Tags, Fügen Sie das erste Tag hinzu!
|
MARC
| LEADER | 00000nam a2200000 4500 | ||
|---|---|---|---|
| 001 | 0242786 | ||
| 005 | 20240111125650.5 | ||
| 020 | |a 978-88-814-8303-7 | ||
| 041 | 0 | |a spa | |
| 044 | |a IT | ||
| 245 | 1 | 0 | |a <El> dominó de cada día |
| 264 | 1 | |a Recanati |b ELI |c 1999 | |
| 300 | |e karty | ||
| 490 | 1 | |a Jugamos en español | |
| 830 | 0 | |a Jugamos en español | |
| 500 | |a Jazykové hry. | ||
| 610 | 2 | 0 | |a jazykoveda |
| 610 | 2 | 0 | |a terminológia |
| 610 | 2 | 0 | |a jazyky cudzie |
| 610 | 2 | 0 | |a španielčina |
| 610 | 2 | 0 | |a hry |